000 00391cam a2200157ua 4500
003 OSt
008 250823b |||||||| |||| 00| 0 eng d
041 _aeng
082 _a628.1
_bVIN/TE
100 _aVinayak, M .Gharpure.
_97766
245 _aText book of water supply engineering /
250 _a2 /
260 _aPoona :
_bAllies book stall ,
_c1964.
300 _a396 ; .
942 _cBK
999 _c1569
_d1569